000 00264cam a22000977a 4500
008 180718b1939 xxu||||| |||| 00| 0 eng d
082 _aR6x5411 As72 c.2
245 _aReport of the court of enquiry
260 _aShillong
_bAssam Government Press
_c1939
300 _a55p
999 _c420535
_d420535